Dental materials : (Record no. 17740)
[ view plain ]
| 000 -LEADER | |
|---|---|
| fixed length control field | 01518nam a2200277 a 4500 |
| 001 - CONTROL NUMBER | |
| control field | 015462588 |
| 003 - CONTROL NUMBER IDENTIFIER | |
| control field | OSt |
| 005 - DATE AND TIME OF LATEST TRANSACTION | |
| control field | 20131106113011.0 |
| 008 - FIXED-LENGTH DATA ELEMENTS--GENERAL INFORMATION | |
| fixed length control field | 091222s2011 moua b 001 0 eng |
| 020 ## - INTERNATIONAL STANDARD BOOK NUMBER | |
| International Standard Book Number | 9781437708554 (pbk.) : |
| 020 ## - INTERNATIONAL STANDARD BOOK NUMBER | |
| International Standard Book Number | 1437708552 (pbk.) : |
| 082 04 - DEWEY DECIMAL CLASSIFICATION NUMBER | |
| Classification number | 617.695 |
| Edition number | 22 |
| Item number | HAT |
| 100 1# - MAIN ENTRY--PERSONAL NAME | |
| Personal name | Hatrick, Carol Dixon. |
| 9 (RLIN) | 34399 |
| 245 10 - TITLE STATEMENT | |
| Title | Dental materials : |
| Remainder of title | clinical applications for dental assistants and dental hygienists / |
| Statement of responsibility, etc | Carol Dixon Hatrick, W. Stephan Eakle, William F. Bird. |
| 250 ## - EDITION STATEMENT | |
| Edition statement | 2nd ed. |
| 260 ## - PUBLICATION, DISTRIBUTION, ETC. (IMPRINT) | |
| Place of publication, distribution, etc | Maryland Heights, Mo. : |
| Name of publisher, distributor, etc | Saunders/Elsevier, |
| Date of publication, distribution, etc | c2011. |
| 300 ## - PHYSICAL DESCRIPTION | |
| Extent | xiv, 281 p. : |
| Other physical details | ill. (chiefly col.) ; |
| Dimensions | 28 cm. |
| 504 ## - BIBLIOGRAPHY, ETC. NOTE | |
| Bibliography, etc | Includes bibliographical references and index. |
| 505 0# - FORMATTED CONTENTS NOTE | |
| Formatted contents note | Introduction to dental materials -- Oral environment and patient considerations -- Physical properties of dental materials -- General handling and safety -- Principles of bonding -- Compsites, glass ionomers, and compomers -- Preventive and bleaching materials -- Dental amalgam -- Casting metals, solders, and wrought metal alloys -- Dental implants -- Abrasion, finishing, and polishing -- Dental cement -- Impression materials -- Gypsum products -- Polymers for prosthetic dentistry -- Provisional restorations -- Dental waxes. |
| 650 #0 - SUBJECT ADDED ENTRY--TOPICAL TERM | |
| Topical term or geographic name as entry element | Dental materials. |
| 9 (RLIN) | 34400 |
| 650 #0 - SUBJECT ADDED ENTRY--TOPICAL TERM | |
| Topical term or geographic name as entry element | Dental materials |
| Form subdivision | Examinations, questions, etc. |
| 9 (RLIN) | 34401 |
| 653 ## - INDEX TERM--UNCONTROLLED | |
| Resource For college | |
| Arrived date list | November2013 |
| 700 1# - ADDED ENTRY--PERSONAL NAME | |
| Personal name | Eakle, W. Stephan. |
| 9 (RLIN) | 34402 |
| 700 1# - ADDED ENTRY--PERSONAL NAME | |
| Personal name | Bird, William F. |
| 9 (RLIN) | 34403 |
| 942 ## - ADDED ENTRY ELEMENTS (KOHA) | |
| Source of classification or shelving scheme | Dewey Decimal Classification |
| Item type | Book - Borrowing |
| Call number prefix | 617.695 HAT |
| Withdrawn status | Item status | Source of classification or shelving scheme | Damaged status | Not for loan | Vendor | Home library | Current library | Shelving location | Date acquired | Source of acquisition | Total Checkouts | Full call number | Barcode | Date last seen | Koha item type | Total Renewals | Date last borrowed |
|---|---|---|---|---|---|---|---|---|---|---|---|---|---|---|---|---|---|
| Dewey Decimal Classification | Baccah | Central Library | Central Library | First floor | 06/11/2013 | 617.695 HAT | 000035037 | 15/07/2025 | NB - Book (Non borrowing) | ||||||||
| Dewey Decimal Classification | Baccah | Central Library | Central Library | First floor | 06/11/2013 | 1 | 617.695 HAT | 000035038 | 15/07/2025 | Book - Borrowing | 1 | 12/03/2019 | |||||
| Dewey Decimal Classification | Baccah | Central Library | Central Library | First floor | 06/11/2013 | 617.695 HAT | 000035039 | 15/07/2025 | Book - Borrowing | ||||||||
| Dewey Decimal Classification | Baccah | Central Library | Central Library | First floor | 06/11/2013 | 617.695 HAT | 000035040 | 15/07/2025 | Book - Borrowing | ||||||||
| Dewey Decimal Classification | Baccah | Central Library | Central Library | First floor | 06/11/2013 | 617.695 HAT | 000035041 | 15/07/2025 | Book - Borrowing | ||||||||
| Dewey Decimal Classification | Baccah | Central Library | Central Library | First floor | 06/11/2013 | 1 | 617.695 HAT | 000035042 | 15/07/2025 | Book - Borrowing | 03/11/2016 | ||||||
| Dewey Decimal Classification | Baccah | Central Library | Central Library | First floor | 06/11/2013 | 2 | 617.695 HAT | 000035043 | 15/07/2025 | Book - Borrowing | 7 | 26/04/2016 | |||||
| Dewey Decimal Classification | Baccah | Central Library | Central Library | First floor | 06/11/2013 | 617.695 HAT | 000035044 | 15/07/2025 | Book - Borrowing | ||||||||
| Dewey Decimal Classification | Baccah | Central Library | Central Library | First floor | 06/11/2013 | 3 | 617.695 HAT | 000035045 | 15/07/2025 | Book - Borrowing | 29 | 27/02/2019 | |||||
| Dewey Decimal Classification | Baccah | Central Library | Central Library | First floor | 06/11/2013 | 1 | 617.695 HAT | 000035046 | 15/07/2025 | Book - Borrowing | 3 | 22/03/2021 |